Statistics for Countries of Norman Expansion by 1130

Click here to take the quiz!

General Stats

  • This quiz has been taken 69 times
  • The average score is 4 of 7

Answer Stats

Country % Correct
France
99%
United Kingdom
96%
Italy
81%
Turkey
54%
Tunisia
25%
Syria
24%
Libya
24%

Score Distribution

Percentile by Number Answered

Percent of People with Each Score

Your Score History

You have not taken this quiz